00367nam a2200109Ia 4500008004100000245006000041500002400101650002400125942000700149952008400156999001700240230524s9999 xx 000 0 und d 0aOrissa Government Servants' Conduct Rules (Compilation) aQuantity Number: 1 aMiscellaneous91877 cBK 00104070aTATCLbTATCLcGENd2023-05-24l0p45630r2023-05-24w2023-05-24yBK c51162d51162